| 000 | 00359nam a22001577a 4500 | ||
|---|---|---|---|
| 020 | _a0-14-131439-7 | ||
| 082 |
_a823 _bCON/D |
||
| 100 | _aLOUISE COOPER | ||
| 245 |
_aSEA HORSES _bSHORT STORY |
||
| 246 |
_aSEA HORSES _bSHORT STORY |
||
| 260 |
_aENGLAND _bPUFFIN BOOKS _c2003 |
||
| 300 | _a148 | ||
| 520 | _aSHORT STORY | ||
| 650 | _aSHORT STORY | ||
| 942 | _cBK | ||
| 999 |
_c1848 _d1848 |
||